| 000 | 01167nam a2200301 i 4500 | ||
|---|---|---|---|
| 003 | EG-GICUC | ||
| 005 | 20260213234644.0 | ||
| 008 | 260112s1960 ua |||fr|||| 00| 0 ara d | ||
| 040 |
_a EG-GICUC _bara _c EG-GICUC _d EG-GICUC _erda |
||
| 041 | 0 | _aAra | |
| 082 | 0 | 4 |
_221 _a343.76812 _bأ ح . إ |
| 092 | 0 | 4 | _221 |
| 099 | _aLaw1 10 343.76812 أ ح . إ 1960 | ||
| 100 | 0 |
_aأحمد فتحى سرور _eمؤلف. |
|
| 245 | 1 | 2 |
_aالإختبار القضائى : _bدراسة مقارنة/ _cتأليف الدكتور أحمد فتحى سرور. |
| 264 | 1 |
_a[مكان النشر غير محدد] : _bمنشورات المركز القومى للبحوث الإجتماعية والجنائية، _c1960. |
|
| 300 |
_a274 صفحة؛ _c24 سم. |
||
| 336 |
_2rda content _atext |
||
| 337 |
_2rda media _aComputer |
||
| 338 |
_2rda carrier _aOnline Resource |
||
| 504 | _a ببليوجرافيا: صفحات248-256. | ||
| 650 | 1 |
_aالإختبار القضائى _2qrmak |
|
| 650 | 1 |
_aالقانون الجنائى _2qrmak |
|
| 651 | 1 | _2qrmak | |
| 856 | 4 | 0 | _uhttps://fll.law.cu.edu.eg/fulltext/bks/B10-07389.pdf |
| 905 |
_a54 _eYara |
||
| 942 |
_2ddc _cBK _e21 _n0 |
||
| 999 |
_c56543 _d56543 |
||